000 00498nam a2200205Ia 4500
003 0100
008 130303s9999 xx 000 0 und d
040 _cARRUPELIB
050 _aJC71.P6W47
100 _aWhite, Nicholas P
245 2 _aA companion to Plato's Republic
260 _aIndianapolis
260 _bHackett Pub. Co.
260 _C1979
300 _aviii
300 _b 275p. 24cm
650 _bEurope --church history --19th century
700 _aNicholas P White
942 0 0 _06
999 _c8299
_d8299